| 000 -LEADER |
| fixed length control field |
01467cam a22003618i 4500 |
| 001 - CONTROL NUMBER |
| control field |
20599939 |
| 005 - DATE AND TIME OF LATEST TRANSACTION |
| control field |
20221107172553.0 |
| 006 - FIXED-LENGTH DATA ELEMENTS--ADDITIONAL MATERIAL CHARACTERISTICS |
| fixed length control field |
m |o d | |
| 007 - PHYSICAL DESCRIPTION FIXED FIELD--GENERAL INFORMATION |
| fixed length control field |
cr_||||||||||| |
| 008 - FIXED-LENGTH DATA ELEMENTS--GENERAL INFORMATION |
| fixed length control field |
180725s2018 mau ob 001 0 eng |
| 010 ## - LIBRARY OF CONGRESS CONTROL NUMBER |
| LC control number |
2018035802 |
| 020 ## - INTERNATIONAL STANDARD BOOK NUMBER |
| International Standard Book Number |
9781328695758 (ebook) X |
| 020 ## - INTERNATIONAL STANDARD BOOK NUMBER |
| Canceled/invalid ISBN |
9781328695741 (hardback) X |
| 041 ## - LANGUAGE CODE |
| Language code of text/sound track or separate title |
eng |
| 080 ## - UNIVERSAL DECIMAL CLASSIFICATION NUMBER |
| Universal Decimal Classification number |
32+316 S-62 |
| 082 00 - DEWEY DECIMAL CLASSIFICATION NUMBER |
| Classification number |
302.23/1 |
| Edition number |
23 |
| 100 1# - MAIN ENTRY--PERSONAL NAME |
| Personal name |
Singer, P. W. |
| Fuller form of name |
(Peter Warren), |
| Relator term |
author. |
| 9 (RLIN) |
8984 |
| 245 10 - TITLE STATEMENT |
| Title |
Likewar : |
| Remainder of title |
the weaponization of social media / |
| Statement of responsibility, etc. |
P.W. Singer and Emerson T. Brooking. |
| 246 3# - VARYING FORM OF TITLE |
| Title proper/short title |
Like war |
| 264 #1 - PRODUCTION, PUBLICATION, DISTRIBUTION, MANUFACTURE, AND COPYRIGHT NOTICE |
| Place of production, publication, distribution, manufacture |
Boston : |
| Name of producer, publisher, distributor, manufacturer |
Eamon Dolan/Houghton Mifflin Harcourt, |
| Date of production, publication, distribution, manufacture, or copyright notice |
2018. |
| 300 ## - PHYSICAL DESCRIPTION |
| Extent |
1 online resource. |
| 337 ## - MEDIA TYPE |
| Media type term |
computer |
| Media type code |
n |
| Source |
rdamedia |
| 338 ## - CARRIER TYPE |
| Carrier type term |
online resource |
| Carrier type code |
nc |
| Source |
rdacarrier |
| 588 ## - SOURCE OF DESCRIPTION NOTE |
| Source of description note |
Description based on print version record and CIP data provided by publisher; resource not viewed. |
| 650 #7 - SUBJECT ADDED ENTRY--TOPICAL TERM |
| Topical term or geographic name entry element |
POLITICAL SCIENCE / Government / International. |
| Source of heading or term |
bisacsh |
| 9 (RLIN) |
8990 |
| 650 #7 - SUBJECT ADDED ENTRY--TOPICAL TERM |
| Topical term or geographic name entry element |
SOCIAL SCIENCE / Future Studies. |
| Source of heading or term |
bisacsh |
| 9 (RLIN) |
8991 |
| 650 #7 - SUBJECT ADDED ENTRY--TOPICAL TERM |
| Topical term or geographic name entry element |
TECHNOLOGY & ENGINEERING / General. |
| Source of heading or term |
bisacsh |
| 9 (RLIN) |
8992 |
| 653 ## - INDEX TERM--UNCONTROLLED |
| keyword |
პოლიტიკა |
| 653 ## - INDEX TERM--UNCONTROLLED |
| keyword |
სოციალური მედია |
| 700 1# - ADDED ENTRY--PERSONAL NAME |
| Personal name |
Brooking, Emerson T., |
| Relator term |
ავტორი |
| 9 (RLIN) |
8983 |
| 776 08 - ADDITIONAL PHYSICAL FORM ENTRY |
| Relationship information |
Print version: |
| Main entry heading |
Singer, P. W. (Peter Warren), author. |
| Title |
Likewar |
| Place, publisher, and date of publication |
Boston : Eamon Dolan/Houghton Mifflin Harcourt, 2018 |
| International Standard Book Number |
9781328695741 |
| Record control number |
(DLC) 2018017519 |
| 942 ## - ADDED ENTRY ELEMENTS (KOHA) |
| Source of classification or shelving scheme |
|
| Koha item type |
წიგნი |